000 00393nam a2200145Ia 4500
008 231004s2019 xx 000 0 und d
020 _a9788193308615
041 _aeng
082 _a174
_bSPI
100 _aSPILLMAN, H C
245 _aPERSONALITY STUDIES IN PERSONAL DEVELOPMENT
260 _aNEW DELHI
_bSHRI SAI PRINTO GRAPHERS
_c2019
300 _a120
650 _aPERSONALITY DEVELOPMENT
999 _c877126
_d877126